书目信息 |
| 题名: |
农业微生物基因工程
|
|
| 作者: | 黄大昉 , 林敏 主编 | |
| 分册: | ||
| 出版信息: | 北京 科学出版社 2001 |
|
| 页数: | 546页 | |
| 开本: | 26cm | |
| 丛书名: | "863"生物高技术丛书 | |
| 单 册: | ||
| 中图分类: | S188 | |
| 科图分类: | ||
| 主题词: | 农业工程:遗传工程--研究 | |
| 电子资源: | ||
| ISBN: | 7-03-008884-0 | |
| 000 | 00687nam0 2200229 45 | |
| 001 | 0303250990 | |
| 005 | 20031219104108.0 | |
| 010 | @a7-03-008884-0@dCNY70.00 | |
| 100 | @a20030325d2001 km y0chiy0120 ea | |
| 101 | 0 | @achi |
| 105 | @a z 000yy | |
| 200 | 1 | @a农业微生物基因工程@ANong Ye Wei Sheng Wu Ji Yin Gong Cheng@f黄大昉,林敏主编@FHuang Da Fang,Lin Min Zhu Bian |
| 210 | @a北京@c科学出版社@d2001 | |
| 215 | @a546页@d26cm | |
| 225 | @a"863"生物高技术丛书 | |
| 410 | @12001 @a"863"生物高技术丛书 | |
| 606 | 0 | @a农业工程:遗传工程@x研究 |
| 690 | @aS188@v4 | |
| 701 | 0 | @a黄大昉@4主编 |
| 701 | 0 | @a林敏@4主编 |
| 801 | @aCN@bTSTC@c20030325 | |
| 905 | @b321445-446@dS188@e25@f2 | |
| 农业微生物基因工程/黄大昉,林敏主编.-北京:科学出版社,2001 |
| 546页;26cm.-("863"生物高技术丛书) |
| ISBN 7-03-008884-0:CNY70.00 |
| ● |
| 相关链接 |
|
|
|
|
正题名:农业微生物基因工程
索取号:S188/25
 
预约/预借
| 序号 | 登录号 | 条形码 | 馆藏地/架位号 | 状态 | 备注 |
| 1 | 0321445 | 203214459 | 第三借阅区/ [索取号:S188/25] | 在馆 | |
| 2 | 0321446 | 203214468 | 第二样本阅览室/ [索取号:S188/25] | 在馆 |